Bekannte Filme schlecht erklärt - Statistiken

Allgemein
  • Dieses Quiz wurde 701 mal gespielt
  • Das Durchschnittsergebnis liegt bei 7 aus 10
Antwortstatistiken
Antwort Hint % Korrekt
Schlangenmensch will den auserwählten Brillenträger töten. Harry Potter
92%
Überforderte Familie vergisst ihren Sohn und der muss dann das Haus beschützen. Kevin allein zu Haus
88%
Außerirdischer Junge findet heraus, dass der außerirdische Bösewicht sein Vater ist. Star Wars
87%
Kleine gelbe Wesen mit Sprachmischmasch suchen nach der bösesten Kreatur überhaupt. Minions
84%
Alter Mann beschließt, dass ein kleiner Mann die Welt vor dem bösen Auge retten muss. Der Herr der Ringe
74%
Kinder werden gezwungen sich gegenseitig umzubringen, bis der symbolische Vogel alles verändert. Die Tribute von Panem
70%
Während ein Typ auf den Blitz wartet verliebt sich seine junge Mutter fast in ihren Sohn, weil sie ihn nicht kennt. Zurück in die Zukunft
48%
Zwei verlieben sich die eine ist reich der andere arm. Etwas schlimmes (auf wahrer Begebenheit) passiert und er ist tot. Titanic
42%
Viele Jungen und ein Mädchen wissen nicht mehr wer sie sind und müssen den richtigen Ausweg finden und dabei gegen Monster kämpfen. Maze Runner
41%
Zwei Schwestern werden Waisen und die eine hat magische Kräfte, während die andere pupsnormal ist. Die Eiskönigin
40%
Keine übereinstimmenden Quizze gefunden
Verteilung der Resultate
Anzahl Personen mit jedem Resultat
Perzentil nach korrekt beantworteten Fragen
Ihre Resultats-Entwicklung
Sie haben dieses Quiz noch nicht gespielt